书目信息 |
| 题名: |
交通土木工程测量
|
|
| 作者: | 张坤宜 编著 | |
| 分册: | ||
| 出版信息: | 北京 人民交通出版社 2000.02 |
|
| 页数: | 326页 | |
| 开本: | 16开 | |
| 丛书名: | ||
| 单 册: | ||
| 中图分类: | U416-43 | |
| 科图分类: | ||
| 主题词: | 道路工程 | |
| 电子资源: | ||
| ISBN: | 7-114-03300-1 | |
| 000 | 00536nam0 2200181 45 | |
| 001 | 1009052104 | |
| 005 | 20081024160145.59 | |
| 010 | @a7-114-03300-1@d33.00元 | |
| 100 | @a20100905d2000 km y0chiy0120 ea | |
| 101 | 0 | @achi |
| 200 | 1 | @a交通土木工程测量@AJiao Tong Tu Mu Gong Cheng Ce Liang@f张坤宜编著@FZhang Kun Yi Bian Zhu |
| 210 | @a北京@c人民交通出版社@d2000.02 | |
| 215 | @a326页@d16开 | |
| 606 | 0 | @a道路工程 |
| 690 | @aU416-43@v3 | |
| 701 | 0 | @a张坤宜@4编著 |
| 801 | @aCN@bPftUser@c20081024 | |
| 905 | @b125434-443@dU416-43@eZH916@f10 | |
| 交通土木工程测量/张坤宜编著.-北京:人民交通出版社,2000.02 |
| 326页;16开 |
| ISBN 7-114-03300-1:33.00元 |
| ● |
| 相关链接 |
|
|
|
正题名:交通土木工程测量
索取号:U416-43/ZH916
 
预约/预借
| 序号 | 登录号 | 条形码 | 馆藏地/架位号 | 状态 | 备注 |
| 1 | 125434 | 201254347 | 期刊室512/501自科库 52排7列4层/ [索取号:U416-43/ZH916] | 在馆 | |
| 2 | 125435 | 201254356 | 自科库501/ [索取号:U416-43/ZH916] | 在馆 | |
| 3 | 125436 | 201254365 | 期刊室512/501自科库 52排7列4层/ [索取号:U416-43/ZH916] | 在馆 | |
| 4 | 125437 | 201254374 | 自科库501/ [索取号:U416-43/ZH916] | 在馆 | |
| 5 | 125438 | 201254383 | 期刊室512/501自科库 52排7列4层/ [索取号:U416-43/ZH916] | 在馆 | |
| 6 | 125439 | 201254392 | 自科库501/ [索取号:U416-43/ZH916] | 在馆 | |
| 7 | 125440 | 201254409 | 自科二线504/504自科库 12排3列1层/ [索取号:U416-43/ZH916] | 在馆 | |
| 8 | 125441 | 201254418 | 自科库501/ [索取号:U416-43/ZH916] | 在馆 | |
| 9 | 125442 | 201254427 | 自科库501/ [索取号:U416-43/ZH916] | 在馆 | |
| 10 | 125443 | 201254436 | 期刊室512/501自科库 52排7列4层/ [索取号:U416-43/ZH916] | 在馆 | |
| 11 | 459873 | 204598738 | 自科库501/501自科库 52排7列4层/ [索取号:U416-43/ZH916] | 在馆 | |
| 12 | 459874 | 204598747 | 期刊室512/501自科库 52排7列4层/ [索取号:U416-43/ZH916] | 在馆 | |
| 13 | 459875 | 204598756 | 自科库501/501自科库 52排7列4层/ [索取号:U416-43/ZH916] | 在馆 | |
| 14 | 459876 | 204598765 | 自科库501/501自科库 52排7列4层/ [索取号:U416-43/ZH916] | 在馆 |